00878cam a22002531 4500001001300000003000400013005001700017008004100034010001700075035002000092040004500112042001200157050002500169082001500194110008100209245006300290260002400353300003200377490002400409650003900433651004000472810009500512999001700607sd 49000225 DLC20260227112735.0900816s1944 dcuab 000 0 eng c asd 49000225  a(OCoLC)22227732 aU.S. Dept. of State. LibrarycCSt-HdDLC apremarc00aUB250b.U33 no. 2127 a940.5314221 aUnited States.bOffice of Strategic Services.bResearch and Analysis Branch.00aFinland's capacity to pay the Russian reparations demands. a[Washington]c1944. a41 l.bmap, tables.c27 cm.1 aIts R & Avno. 2127 0aWorld War, 1939-1945xReparations. 0aFinlandxEconomic conditionsy1918-1 aUnited States.bDepartment of State.bOffice of Intelligence Research.tR & A ;vno. 2127. c90001d90001